000 00310nam a2200133Ia 4500
008 191201s2013 xx 000 0 und d
082 _a005.133
_bSCC
100 _aSCHILDT,Herbert
245 0 _aC: The Complete Reference
250 _arep
260 _c2013
_bTMH
_aNEW DELHI
300 _a805
942 _2ddc
_cBK
999 _c7848
_d7848